00697nam a2200145Ia 4500008004100000100001700041245003800058260004300096300000700139650001800146942001200164999001500176952018000191952018000371191201s2012 xx 000 0 und d aSAWARA, Anil 0aHaryanvi Naritaya Geet: Ek Adhyan aN. DelhibHaryana Granth Academyc2012 a93 aGeneral Books 2ddccBK c6724d6724 00102ddc40708IKSaPIETbPIETcR02d2017-09-19eHaryana Granth Academyg80.00k4320l0o782.425 SAHp29956r2019-12-04 00:00:00v56.00w2017-09-16yREFzHistory and Culture 00102ddc40708IKSaPIETbPIETcR02d2017-09-19eHaryana Granth Academyg80.00k4320l0o782.425 SAHp29957r2019-12-04 00:00:00v56.00w2017-09-16yREFzHistory and Culture